Cell Biology of the Ovary Stem Cells, Development, Cancer, and Clinical Aspects /

This unique compilation focuses on a very curious organ, the ovary. There are still many unknown facts about the origins of ovarian tissue and ovarian cancer, and each chapter describes in detail the latest insights into the ovary from basic to clinical aspects. Expert authors reveal the most recent...

Celý popis

Uloženo v:
Podrobná bibliografie
Médium: Elektronický zdroj E-kniha
Jazyk:angličtina
Vydáno: Singapore : Springer Singapore , 2018.
Vydání:1st ed. 2018.
Témata:
ISBN:9789811079412
On-line přístup: Získat plný text
Tagy: Přidat tag
Žádné tagy, Buďte první, kdo vytvoří štítek k tomuto záznamu!

MARC

LEADER 00000nam a22000005i 4500
003 SK-BrCVT
005 20220618115516.0
007 cr nn 008mamaa
008 180511s2018 si | s |||| 0|eng d
020 |a 9789811079412 
024 7 |a 10.1007/978-981-10-7941-2  |2 doi 
035 |a CVTIDW07560 
040 |a Springer-Nature  |b eng  |c CVTISR  |e AACR2 
041 |a eng 
245 1 0 |a Cell Biology of the Ovary  |h [electronic resource] :  |b Stem Cells, Development, Cancer, and Clinical Aspects /  |c edited by Hidetaka Katabuchi, Takashi Ohba, Takeshi Motohara. 
250 |a 1st ed. 2018. 
260 1 |a Singapore :  |b Springer Singapore ,  |c 2018. 
300 |a VIII, 166 p. 32 illus., 24 illus. in color.  |b online resource. 
500 |a Medicine  
505 0 |a Part I. Development of ovary; 1. Reconstitution of human germ cell development in vitro -- 2. Regulation of steroidogenesis in gonads by Ad4BP/SF-1 -- 3. Role of Hedgehog-BMP4 signaling in gonadogenesis -- Part II. Ovarian stem cells and cancer stem cells; 4. Role of Lgr5-expressing stem cells in epithelial renewal and cancer in reproductive tract -- 5. Characteristics of ovarian cancer stem cells -- 6. Role of CD44 variant 6 in ovarian cancer stem cells -- Part III. Strategies for fertility preservation; 7. Rescue from primary ovarian insufficiency -- 8. Ovarian tissue cryopreservation and transplantation -- 9. Clinical management of primary ovarian insufficiency -- Part IV. Molecular and clinical aspects of epithelial ovarian cancer; 10. Molecular pathogenesis of epithelial ovarian cancer -- 11. Clinical management of epithelial ovarian cancer -- 12. Molecular targeted therapy for epithelial ovarian cancer. . 
516 |a text file PDF 
520 |a This unique compilation focuses on a very curious organ, the ovary. There are still many unknown facts about the origins of ovarian tissue and ovarian cancer, and each chapter describes in detail the latest insights into the ovary from basic to clinical aspects. Expert authors reveal the most recent findings on ovariogenesis and ovarian carcinogenesis by shedding light on stem cell biology for the ovarian surface epithelial cells or primordial germ cells. Readers will greatly increase their understanding of the relevance of the cells that constitute the ovary, which is of vast significance in comprehending the occurrence mechanism of ovarian tissue and ovarian cancer. In this way the book covers a wide range of fields concerned with the ovary. This work benefits not only gynecologists and obstetricians, but also basic researchers in the field of stem cell biology and all clinicians who are involved in the management of fertility preservation or ovarian cancer. . 
650 0 |a Gynecology . 
650 0 |a Oncology . 
650 0 |a Reproductive medicine. 
856 4 0 |u http://hanproxy.cvtisr.sk/han/cvti-ebook-springer-eisbn-978-981-10-7941-2  |y Vzdialený prístup pre registrovaných používateľov 
910 |b ZE04840 
919 |a 978-981-10-7941-2 
974 |a andrea.lebedova  |f Elektronické zdroje 
992 |a SUD 
999 |c 273358  |d 273358